000 00342 a2200121 4500
005 20250314141538.0
082 _a338.909 CAR
245 _aSustainable Industrial Development
260 _aLondon,
_bIntermediate Technology Publications,
_c1988.
300 _aix, 190p.: table,
_breference,
_c23cm.
700 _aEd. by CARR, M.
942 _2ddc
_cBKS
999 _c641
_d641